| 000 | 00372nam a22001217a 4500 | ||
|---|---|---|---|
| 082 |
_a388.09598 _bGOV _cD |
||
| 110 |
_aGovernment of the Republic of Indonesia _938497 |
||
| 245 | _aTariff Review Guidelines | ||
| 260 | _aT.P.O'Sullivan and Partners, Consulting Engineers, London | ||
| 300 |
_a215p.: _bill.; |
||
| 526 |
_a0 _b0 _c0 _d388_095980000000000_GOV |
||
| 942 |
_2ddc _cBK |
||
| 999 |
_c543115 _d543115 |
||